Normal view
MARC view
Entry Personal Name
001 - CONTROL NUMBER
- control field: 91275
003 - CONTROL NUMBER IDENTIFIER
- control field: BDCtgAUW
005 - DATE AND TIME OF LATEST TRANSACTION
- control field: 20260311111918.0
008 - FIXED-LENGTH DATA ELEMENTS
- fixed length control field: 260311|| aca||aabn | a|a d
040 ## - CATALOGING SOURCE
- Original cataloging agency: BDCtgAUW
- Transcribing agency: BDCtgAUW
100 ## - HEADING--PERSONAL NAME
- Personal name: Berg, Linda R
670 ## - SOURCE DATA FOUND
- Source citation: Work cat.: (BDCtgAUW)16346: Hassenzahl, David M. author 91274, Environment /, 2017.